| 000 | 00947cam a22002531 4500 | ||
|---|---|---|---|
| 001 | sd 49000181 | ||
| 003 | DLC | ||
| 005 | 20260227112735.0 | ||
| 008 | 770222s1944 dcu f000 0 eng c | ||
| 010 | _asd 49000181 | ||
| 035 | _a(OCoLC)2756052 | ||
| 040 |
_aU.S. Dept. of State. Library _cMdBU _dMdBU _dDLC |
||
| 042 | _apremarc | ||
| 050 | 0 | 0 |
_aUB250 _b.U33 no. 2464.3 |
| 082 | _a312 | ||
| 110 | 1 |
_aUnited States. _bForeign Economic Administration. |
|
| 245 | 0 | 0 |
_aBelgium: estimated total population as of January 1, 1944 _c[by] Foreign Economic Administration, Liberated Areas Branch in cooperation with Research and Analysis Branch, Office of Strategic Services. |
| 260 |
_a[Washington] _c1944. |
||
| 300 |
_a4 p. _c27 cm. |
||
| 490 | 0 | _aEIS-65B | |
| 490 | 1 | _a[R & A no. 2464.3] | |
| 651 | 0 |
_aBelgium _xPopulation. |
|
| 810 | 1 |
_aUnited States. _bDepartment of State. _bOffice of Intelligence Research and Analysis. _tR & A ; _vno. 2464.3. |
|
| 999 |
_c89999 _d89999 |
||